| 000 | 00449nam a2200181Ia 4500 | ||
|---|---|---|---|
| 003 | GCL | ||
| 008 | 140319s9999 xx 000 0 eng d | ||
| 040 |
_aGCL / _cGCL |
||
| 082 | 0 | 4 |
_a821 _bS C |
| 100 | 1 | _aACKROYD, CHRISTOPHER | |
| 245 | 1 | 0 |
_a20TH-CENTURY POETRY / _cACKROYD, CHRISTOPHER |
| 700 | 1 | _aSMITH, STON | |
| 260 |
_a[S.N] : _bMACMILLAN ، _c1983 |
||
| 300 | _a526 P | ||
| 650 | 0 | 4 | _aENGLISH POETRY |
| 650 | 0 | 4 | _aPOETRY |
| 942 |
_2ddc _cBK |
||
| 999 |
_c24144 _d24144 |
||